Daily Practice of the Hindus (Record no. 11240)

MARC details
000 -LEADER
fixed length control field 00607nam a2200241 a 4500
020 ## - INTERNATIONAL STANDARD BOOK NUMBER
ISBN
082 00 - DEWEY DECIMAL CLASSIFICATION NUMBER
Classification number 294.5446
Author Cutter VAS
100 ## - MAIN ENTRY--AUTHOR NAME
Author name Vasu, Srisa Chandra
245 ## - TITLE STATEMENT
Title Daily Practice of the Hindus
260 ## - PUBLICATION, DISTRIBUTION, ETC. (IMPRINT)
Place of publication Delhi
Name of publisher Munshiram Manoharlal Pub
Year of publication 1999
300 ## - PHYSICAL DESCRIPTION
Number of Pages 198p
500 ## - GENERAL NOTE
General note includes index and biblioraphy
505 2# - FORMATTED CONTENTS NOTE
Formatted contents note Bibliography, Index
650 ## - SUBJECT ADDED ENTRY--TOPICAL TERM
Topical Term Hinduism-Rituals
942 ## - ADDED ENTRY ELEMENTS (KOHA)
Koha item type Books
700 1# -
-- Vasu, Srisa Chandra
Holdings
Collection code Home library Current library Date acquired Cost, normal purchase price Full call number Accession Number Koha item type
  Henry Martyn Institute Library Henry Martyn Institute Library 07/24/2007 158.00 294.5446 VAS 019545 Books
                   Copyright © 2026 | Henry Martyn Institute | Hyderabad | TS-500052 | INDIA | Implemented by hmi.edu.in
Hit-Count:

Powered by Koha